01154nam a22002535a 450000500170000000800410001704000380005808200220009610000280011824501370014625000310028326000470031430000340036150000800039550001280047550000240060350000270062750400310065465100100068565300370069594200080073299900170074095201430075720201124142412.0150819s2014 nyua frbd 001 0 eng d aEG-ScBUEbengcEG-ScBUEdEG-ScBUE04a332.6322bPRI2221 aPring, Martin J.93882010aTechnical Analysis explained :bthe successful investor's guide to spotting investment trends and turning points /cMartin J. Pring. 35th ed., International ed. aNew York :bMc-Graw Hill Education,c2014. axii, 797 p. :bill. ;c24 cm. a"The standard work for this generation of chartists."-Forbes -- Cover page. a"The guide technicians turn to for answers, tuned up to provide an advantage in today's global economy. -- page 4 of caver. aIndex : p. 773-797. aGlossary : p. 761-765. aBibliography : p. 767-771. 2BUEsh bBUSADMcAugust2015cDecember2015 2ddc c20623d20595 00102ddc40708BaccahaMAINbMAINc1STd2015-08-19ePurchaseg272.00h21758l0o332.6322 PRIp000039775r2025-07-15 00:00:00v340.00yBB